000 00900nam a22002417a 4500
003 UA-OsUOA
001 46438
007 ta
008 20070616b un ||||| |||| 00| 0 ukr d
100 _aБабаэва Э. У.
090 _a343.12
_bБ12
942 _cBK
040 _aUA-OsUOA
_brus
_cUA-OsUOA
_dUA-OsUOA
245 _aПроблемы теории и практики преодоления противодействия уголовному преследованию
_bПроблемы теории и практики преодоления противодействия уголовному преследованию
300 _a312 с.
955 _a2
041 _arus
080 _a343.12
020 _a5-93295-191-5
260 _aМ.
_bЮрлитинформ
_c2006
650 7 _a343 Кримінальне право. Карні порушення
_2UDC
999 _c332531
_d332531